00514nam a22001697a 450000500170000001000130001702000140003003500130004403700170005708200100007410000240008424500610010824600500016926000430021927000590026230000230032120191204120703.0 aA-338960 c150.00a- aA-338960 bBPPD/Pub.a- a230.1 aتلسی د ا س  aتلسی را ما ين سچستر cتلسی د ا س  bTulsi Ramayan Sachitr (Urdu)aby Tulsi Dass a DelhibDhiati Pustak Bhandarc1988 ء aChowk Barshah Bola Chawri Bazar ,bDelhie110006k-l- a835 ص c22 Cm(Hb)